000
00244nam a2200109Ia 4500
999
_c
6570
_d
6570
020
_a
9780201544008
100
_a
David Bell
245
0
_a
Disttributed Database Systems
260
_a
England
_b
Addison-Wesley
_c
1992
300
_a
410
942
_c
BK